000 00763nam a2200241 i 4500
001 bg
100 1 _aJASZCZYK, Bogusz
245 1 0 _aZbiór zadań z teorii pola elektromagnetycznego /
_cBogusz Jaszczyk, Marian Łukaniszyn, Andrzej Przytulski.
260 _aOpole :
_bPO,
_c1997.
300 _a185 s. :
_brys., wykr. ;
_c24 cm.
490 1 _aSkrypt / Politechnika Opolska,
_x1427-9932 ;
_vnr 197
504 _aBibliogr. s. 185.
650 9 _aPole elektromagnetyczne
655 _aPodręczniki akademickie
700 1 _aŁUKANISZYN, Marian
700 1 _aPRZYTULSKI, Andrzej
830 0 _aSkrypt (Politechnika Opolska) ;
_vnr 197
040 _cBPK
041 0 _apl
080 _a537.8(075.8)
942 _cKS
008 s pl f |000 0 pol
999 _c31620
_d31620
856 _uhttp://koha.tu.koszalin.pl/cgi-bin/koha/opac-detail.pl?biblionumber=31620
_yKatalog online BPK